000 00407nam a2200169Ia 4500
005 20250423094428.0
008 250422s9999 xx 000 0 und d
020 _a978-1-59784-210-5
050 _aBP 161.3 .U53/
100 _aUnal, Ali
245 3 _aAn introduction to Islamic faith and thought
260 _aNew Jersey
260 _bTughra Books
260 _c2010
300 _a268 p
942 _cBK
999 _c27211
_d27211